Communication Theories: Perspectives, Process, and Contexts (Record no. 2044)
[ view plain ]
| 005 - DATE AND TIME OF LATEST TRANSACTION | |
|---|---|
| control field | 20250506142128.0 |
| 020 ## - INTERNATIONAL STANDARD BOOK NUMBER | |
| International Standard Book Number | 0-07-293794-7 |
| 082 ## - DEWEY DECIMAL CLASSIFICATION NUMBER | |
| Classification number | LECT 302.201 MIL |
| 100 ## - MAIN ENTRY--PERSONAL NAME | |
| Author name | MILLER, K. |
| 245 ## - TITLE STATEMENT | |
| Title | Communication Theories: Perspectives, Process, and Contexts |
| 250 ## - EDITION STATEMENT | |
| Edition statement | 2nd Ed. |
| 260 ## - PUBLICATION, DISTRIBUTION, ETC. | |
| Place of publication, distribution, etc. | New York, |
| Name of publisher, distributor, etc. | McGraw-Hill, |
| Date of publication, distribution, etc. | 2005. |
| 300 ## - PHYSICAL DESCRIPTION | |
| Extent | xi, 355p,: ill,;figure, picture, table. |
| Other physical details | Bibliography & index. |
| Dimensions | 24cm. |
| 856 ## - ELECTRONIC LOCATION AND ACCESS | |
| Link text | Access Online Book |
| Electronic name | Communication Theories: Perspectives, Process, and Contexts |
| Path | www.mhhe.com/miller2 |
| 942 ## - ADDED ENTRY ELEMENTS (KOHA) | |
| Source of classification or shelving scheme | Dewey Decimal Classification |
| Koha item type | Books |
| Date last seen | Total checkouts | Full call number | Barcode | Cost, replacement price | Price effective from | Koha item type | Lost status | Source of classification or shelving scheme | Damaged status | Not for loan | Withdrawn status | Home library | Current library | Shelving location | Date acquired | Cost, normal purchase price |
|---|---|---|---|---|---|---|---|---|---|---|---|---|---|---|---|---|
| 05/06/2025 | LECT 302.201 MIL | 0000007804 | 120000.00 | 05/06/2025 | Books | Dewey Decimal Classification | College of Business Education Main Library | College of Business Education Main Library | General Collection | 05/26/2011 | 40000.00 | |||||
| 05/06/2025 | LECT 302.201 MIL | 0000007805 | 120000.00 | 05/06/2025 | Books | Dewey Decimal Classification | College of Business Education Main Library | College of Business Education Main Library | General Collection | 05/26/2011 | 40000.00 | |||||
| 05/06/2025 | LECT 302.201 MIL | 0000007806 | 120000.00 | 05/06/2025 | Books | Dewey Decimal Classification | College of Business Education Main Library | College of Business Education Main Library | General Collection | 05/26/2011 | 40000.00 | |||||
| 05/06/2025 | LECT 302.201 MIL | 0000007807 | 120000.00 | 05/06/2025 | Books | Dewey Decimal Classification | College of Business Education Main Library | College of Business Education Main Library | General Collection | 05/26/2011 | 40000.00 | |||||
| 05/06/2025 | LECT 302.201 MIL | 0000007808 | 120000.00 | 05/06/2025 | Books | Dewey Decimal Classification | College of Business Education Main Library | College of Business Education Main Library | General Collection | 05/26/2011 | 40000.00 |
